000 00835nam a2200205 i 4500
001 143073
003 ES-MaACL
005 20251120142555.0
007 t|
008 070214s1968 sp r ||||1| spa d
100 1 _aSelfa, José.
_9105302
245 1 3 _aLa hospitalización pediátrica en España
_b: discurso de recepción del académico... Dr. D. José Selfa Martínez ; discurso de contestación del... Dr. D. Juan Bosch Marín... Valencia, 15 de noviembre de 1968.
260 _aValencia :
_b[s. n.],
_c1968 (
_fGráf. Vives Mora)
300 _a96 p. :
_bil. ;
_c24 cm.
500 _aPrecede al tít.: Real Academia de Medicina de Valencia.
700 1 _aBosch Marín, Juan,
_d1902-1995
_930660
710 2 _aReal Academia de Medicina de Valencia.
_96322
852 _aES-MaACL
_jC-45564
_bR.67873
999 _c143073
_d143073